EC environmental policy. Coping with interdependency.
Vzájomná závislosť na vývoji kvality životného prostredia v krajinách ES - dôležitosť medzivládnych rokovaní o ochrane životného prostredia. Problematika vývoja politiky životného prostredia v ES v 90. rokoch a analýza jej nových nástrojov. Závažné problémy strategických eko-priemyselných možností....
Na minha lista:
| Autor principal: | |
|---|---|
| Formato: | Capítulo de Livro |
| Idioma: | inglês |
| Assuntos: | |
| Tags: |
Sem tags, seja o primeiro a adicionar uma tag!
|
MARC
| LEADER | 00000naa a2200000 4500 | ||
|---|---|---|---|
| 001 | r007280 | ||
| 005 | 20221213084918.5 | ||
| 041 | 0 | |a eng | |
| 044 | |a GB | ||
| 245 | 1 | 0 | |a EC environmental policy. |b Coping with interdependency. |c D. Wright |
| 520 | |a Vzájomná závislosť na vývoji kvality životného prostredia v krajinách ES - dôležitosť medzivládnych rokovaní o ochrane životného prostredia. Problematika vývoja politiky životného prostredia v ES v 90. rokoch a analýza jej nových nástrojov. Závažné problémy strategických eko-priemyselných možností. Vnútorný trh, medzinárodný obchod a životné prostredie. | ||
| 610 | 2 | 0 | |a prostredie životné |
| 610 | 2 | 0 | |a Európske spoločenstvá |
| 610 | 2 | 0 | |a trh vnútorný |
| 610 | 2 | 0 | |a obchod medzinárodný |
| 610 | 2 | 0 | |a priemysel |
| 610 | 2 | 0 | |a ochrana prostredia životného |
| 100 | 1 | |a Wright, D. | |